Starting Over in Eastern Europe / (Record no. 616581)

MARC details
000 -LEADER
fixed length control field 00623nam a2200181Ia 4500
008 - FIXED-LENGTH DATA ELEMENTS--GENERAL INFORMATION
fixed length control field 260302s9999 xx 000 0 und d
020 ## - INTERNATIONAL STANDARD BOOK NUMBER
ISBN 9780875845692
082 ## - DEWEY DECIMAL CLASSIFICATION NUMBER
Classification number 338.9438
Item number JOH
100 ## - MAIN ENTRY--AUTHOR NAME
Personal name Johnson, Simon
245 #0 - TITLE STATEMENT
Title Starting Over in Eastern Europe /
Statement of responsibility, etc Johnson, Simon; Loveman, Gary
260 ## - PUBLICATION, DISTRIBUTION, ETC. (IMPRINT)
Name of publisher Harvard Business Press,
Year of publication 1995
300 ## - PHYSICAL DESCRIPTION
Number of Pages 262 pages
520 ## - SUMMARY, ETC.
Summary, etc Discusses the restructuring of state enterprises and the development of private businesses, and examines the progress made by Poland
650 ## - SUBJECT ADDED ENTRY--TOPICAL TERM
Topical Term Business & Economics
700 ## - ADDED ENTRY--PERSONAL NAME
Personal name Loveman, Gary
942 ## - ADDED ENTRY ELEMENTS (KOHA)
Koha item type English Books
Holdings
Withdrawn status Lost status Damaged status Not for loan Home library Current library Shelving location Date acquired Full call number Accession Number Price effective from Koha item type
        Anna Centenary Library Anna Centenary Library 4TH FLOOR, A WING 02.03.2026 338.9438 JOH 504235 02.03.2026 English Books

Find us on the map